000 00765nam a2200241Ia 4500
003 OSt
005 20220923214330.0
006 a|||||r|||| 00| 0
007 ta
008 220922b |||||||| |||| 00| 0 hin d
024 _a168,929
037 _cTextual
040 _aARTS
_cARTS
_bhin
041 _2hin
_ahin
082 _aO152,1I83,11, L0
100 _aचतुर्वेदी, बाल मुकुन्द, संपा.
_9163327
245 0 _aसूरसागर
246 _aSūrasāgara
260 _c1970
650 _aहिन्दी साहित्य
_9156264
942 _hO152,1I83,11, L0
_cTEXL
_2CC
999 _c323396
_d323396